The 10 Biggest Rivalries in Football - Statistics

General Stats
  • This quiz has been taken 341 times
  • The average score is 12 of 20
Answer Stats
Team 1 VS % Correct
Barcelona VS
94%
Real Madrid
94%
Liverpool
89%
Manchester United VS
89%
AC Milan VS
82%
Internazionale
80%
Internazionale
80%
Juventus VS
75%
Celtic
62%
Rangers VS
61%
River Plate
57%
Boca Juniors VS
55%
Roma
52%
Lazio VS
49%
Galatasaray VS
40%
Fenerbahce
33%
Olympiakos VS
30%
Panathinaikos
27%
Al-Ahly VS
6%
Zamalek
6%
No matching quizzes found
Score Distribution
Percent of People with Each Score
Percentile by Number Answered
Your Score History
You have not taken this quiz